Vallenpaz, contribuye al logro de la paz promoviendo el desarrollo integral de comunidades rurales / (Registro nro. 4570)

Detalles MARC
000 -LEADER
fixed length control field 01173nam a2200241Ia 4500
003 - CONTROL NUMBER IDENTIFIER
control field OSt
005 - DATE AND TIME OF LATEST TRANSACTION
control field 20200903143515.0
008 - FIXED-LENGTH DATA ELEMENTS--GENERAL INFORMATION
fixed length control field 191128t2011 ck aob fr 000 0 spa d
020 ## - INTERNATIONAL STANDARD BOOK NUMBER
International Standard Book Number 9789588238623
040 ## - CATALOGING SOURCE
Original cataloging agency CO-JMCR
Transcribing agency CO-JMCR
041 0# - LANGUAGE CODE
Language code of text/sound track or separate title spa
082 04 - DEWEY DECIMAL CLASSIFICATION NUMBER
Classification number 361.25 /
Item number G934v
Edition number 23
100 1# - MAIN ENTRY--PERSONAL NAME
Personal name Guerrero Velasco, Rodrigo,
Relator term autor
9 (RLIN) 9742
245 10 - TITLE STATEMENT
Title Vallenpaz, contribuye al logro de la paz promoviendo el desarrollo integral de comunidades rurales /
Statement of responsibility, etc. textos, Rodrigo Guerrero Velasco, Juan Camilo Restrepo Salazar, Luis Guillermo Restrepo Satizábal [y otros 3]
260 ## - PUBLICATION, DISTRIBUTION, ETC.
Place of publication, distribution, etc. Bogotá :
Name of publisher, distributor, etc. MNR Ediciones,
Date of publication, distribution, etc. ©2011
300 ## - PHYSICAL DESCRIPTION
Extent 156 páginas :
Other physical details principalmente fotografías y mapas a color ;
Dimensions 29 cm.
505 0# - FORMATTED CONTENTS NOTE
Formatted contents note Vallenpaz, reto y oportunidad -- De campesinos a empresarios -- Herencias culturales -- Vallenpaz y el derecho a solidarizarse -- Once años sembrando prosperidad
650 14 - SUBJECT ADDED ENTRY--TOPICAL TERM
Topical term or geographic name entry element Política social
Geographic subdivision Valle del Cauca (Colombia)
9 (RLIN) 9743
650 14 - SUBJECT ADDED ENTRY--TOPICAL TERM
Topical term or geographic name entry element Participación comunitaria
Geographic subdivision Valle del Cauca (Colombia)
9 (RLIN) 9744
700 1# - ADDED ENTRY--PERSONAL NAME
Personal name Restrepo Salazar, Juan Camilo,
Relator term autor
9 (RLIN) 6525
700 1# - ADDED ENTRY--PERSONAL NAME
Personal name Restrepo Satizábal, Luis Guillermo,
Relator term autor
9 (RLIN) 9745
942 ## - ADDED ENTRY ELEMENTS (KOHA)
Source of classification or shelving scheme Dewey Decimal Classification
Koha item type Books
Existencias
Withdrawn status Lost status Source of classification or shelving scheme Damaged status Not for loan Collection code Home library Current library Date acquired Source of acquisition Full call number Barcode Date last seen Copy number Koha item type
    Dewey Decimal Classification     Non-fiction Biblioteca Pública José María del Castillo y Rada Biblioteca Pública José María del Castillo y Rada 12/12/2018 Donación 361.25 / G934v 201809503 05/16/2024 Ej.1 Books